Music Quiz

Random Music or Billboard Quiz
Score 0/13 Timer 04:00
0 Plays Today
Artist Song % Correct
Macklemore and Ryan Lewis feat. WanzThrift Shop
95.6%
Macklemore and Ryan Lewis feat. WanzThrift Shop
95.6%
Miley CyrusWrecking Ball
95.4%
Robin Thicke feat. TI and PharellBlurred Lines
95%
Miley CyrusWrecking Ball
95%
Katy PerryRoar
91.3%
LordeRoyals
88.1%
Pink feat. Nate Ruess Just Give Me a Reason
85%
Eminem feat. RihannaThe Monster
83.1%
Macklemore and Ryan Lewis feat. Ray DaltonCan't Hold Us
82.5%
Bruno MarsWhen I Was Your Man
72.5%
Bruno MarsLocked Out of Heaven
71.9%
BaauerHarlem Shake
69.4%

You're not logged in!

Compare scores with friends on all Sporcle quizzes.
OR
Log In

Sporcle TV

Today on Sporcle TV


Watch our educational content, quiz creation guides, and fun videos on Sporcle TV.

Show Comments

Extras

Top Quizzes Today


Score Distribution

Paid Content

Your Account Isn't Verified!

In order to create a playlist on Sporcle, you need to verify the email address you used during registration. Go to your Sporcle Settings to finish the process.

Report this User

Report this user for behavior that violates our Community Guidelines.

Details: